Best NBA Player from each Country - Statistics

General Stats
  • This quiz has been taken 16 times
  • The average score is 19 of 36
Answer Stats
Country Best Player % Correct
Greece Giannis Antetokounmpo
100%
United States Michael Jordan
100%
Serbia Nikola Jokic
93%
China Yao Ming
93%
Germany Dirk Nowitzki
86%
Nigeria Hakeem Olajuwon
79%
Slovenia Luka Doncic
79%
France Tony Parker
79%
Cameroon Joel Embiid
71%
Argentina Manu Ginobilil
71%
Spain Pau Gasol
71%
Canada Steve Nash
71%
Israel Deni Avdija
64%
Japan Rui Hachimura
64%
Australia Ben Simmons
57%
Dominican Republic Karl-Anthony Towns
57%
Latvia Kristaps Porzingis
57%
Lithuania Arvydas Sabonis
43%
Dominican Republic of the Congo Dikembe Mutombo
43%
Bahamas Mychal Thompson
43%
Georgia Zaza Pachulia
43%
Russia Andrei Kirilenko
36%
Croatia Drazen Petrovic
36%
Philippines Jordan Clarkson
36%
Bosnia-Herzegovina Jusuf Nurkic
36%
Finland Lauri Markkanen
36%
Montenegro Nikola Vucevic
36%
Netherlands Rik Smits
36%
New Zealand Steven Adams
36%
South Sudan Luol Deng
29%
Republic of the Congo Serge Ibaka
29%
Switzerland Clint Capela
21%
Turkey Hedo Turkoglu
21%
Puerto Rico J.J. Barea
21%
Poland Jeremy Sochan
14%
Panama Rolando Blackman
14%
No matching quizzes found
Score Distribution
Percent of People with Each Score
Percentile by Number Answered
Your Score History
You have not taken this quiz